000 00643cab a2200205 4500
001 ABS42567
008 090401t1990 xxu||||| |||| 00| 0 eng d
035 _a(Sirsi) u37626
041 _aeng
100 _aBransbury, L.
245 _aWest Germany - not one country but eleven Lands
260 _c1990
350 _a0
490 _aCivil Engineering Surveyor
_v15(3) April 1990, 5-6(2)
520 _aA brief outline of the structure of the West German construction industry , based on the recent report published by CIRIA .
650 _aFEDERAL REPUBLIC OF GERMANY
690 _aOVERSEAS-EUROPE
942 _n0
948 _c04/03/1997
999 _c24267
_d24267